000 01947nam0a22002651 4500
001 rc\3485785
005 20260407174239.0
021 _aRU
_b[71-58682]
035 _a(NLR Aleph) 007646866
090 _a6186190
_c6186190
100 _a20130115d1971 |||y0rusy50 ca
101 0 _arus
102 _aRU
105 _ay z |||||
200 1 _aТезисы докладов научно-технического совещания "Новые разработки в сварочной технике и перспективы их промышленного внедрения". 28-30 июня 1971 г.
_fГруз. науч.-исслед. ин-т науч.-техн. информации и техн.-экон. исследований Гос. ком. Совета Министров ГССР по науке и технике. Ин-т электросварки им. Е.О. Патона АН УССР. Тбил. отд-ние ВНИИЭСО. Груз. респ. науч.-техн. о-во энергетики и электротехн. пром-сти. Груз. респ. науч.-техн. о-во машиностроит. пром-сти
210 _aТбилиси
_cБ. и.
_d1971
215 _a74 с.
_d20
532 1 3 _aТезисы докладов научно-технического совещания Новые разработки в сварочной технике и перспективы их промышленного внедрения. 28-30 июня 1971 г.
606 _aСварка
_jТезисы докладов
_2psbo
710 1 2 _a"Новые разработки в сварочной технике и перспективы их промышленного внедрения", научно-техническое совещание
_f1971
_eТбилиси
_3RU\NLR\AUTH\8810111588
_9722968
801 0 _aRU
_bNLR
_gpsbo
801 1 _aRU
_bELAR
_2rusmarc
852 _aNLR
_j71-4/11885
942 _cBOOK
980 _aNB